Inhabitable poesía roja = (Record no. 190604)
[ view plain ]
| 000 -LEADER | |
|---|---|
| campo de control de longitud fija | 01032nam a2200289 i 4500 |
| 001 - NÚMERO DE CONTROL | |
| campo de control | 190604 |
| 003 - IDENTIFICADOR DE NÚMERO DE CONTROL | |
| campo de control | ES-MaACL |
| 005 - FECHA Y HORA DE LA ÚLTIMA TRANSACCIÓN | |
| campo de control | 20250602063237.0 |
| 008 - DATOS DE LONGITUD FIJA--INFORMACIÓN GENERAL | |
| campo de control de longitud fija | 220112s2021 sp 001 p spa |
| 020 ## - NÚMERO INTERNACIONAL ESTÁNDAR DEL LIBRO | |
| Número Internacional Estándar del Libro | 978-84-18536-10-6 |
| 080 ## - NÚMERO DE LA CLASIFICACIÓN DECIMAL UNIVERSAL | |
| Número de la Clasificación Decimal Universal | 821.112.2(436)-14"19" |
| 100 1# - ENTRADA PRINCIPAL--NOMBRE DE PERSONA | |
| Nombre de persona | Lubomirski, Karl, |
| Fechas asociadas al nombre | 1939- |
| 9 (RLIN) | 174053 |
| 245 10 - MENCIÓN DEL TÍTULO | |
| Título | Inhabitable poesía roja = |
| Resto del título | Unbewohnbares rot gedicht / |
| Mención de responsabilidad, etc. | Karl Lubomirski ; traducción de Ilia Galán. |
| 246 3# - FORMA VARIANTE DEL TITULO | |
| Título propio/Titulo breve | Unbewohnbares rot gedicht |
| 250 ## - MENCION DE EDICION | |
| Mención de edición | 1ª ed. |
| 260 ## - PUBLICACIÓN, DISTRIBUCIÓN, ETC. | |
| Lugar de publicación, distribución, etc. | Oviedo, Asturias : |
| Nombre del editor, distribuidor, etc. | Ars Poetica, |
| Fecha de publicación, distribución, etc. | 2021. |
| 300 ## - DESCRIPCIÓN FÍSICA | |
| Extensión | 187 p. ; |
| Dimensiones | 21 cm. |
| 490 1# - MENCIÓN DE SERIE | |
| Mención de serie | Beatus ille |
| 546 ## - NOTA DE IDIOMA | |
| Nota de lengua/lenguaje | Texto en alemán y traducción en español. |
| 700 1# - ENTRADA AGREGADA--NOMBRE PERSONAL | |
| Nombre de persona | Galán, Ilia, |
| Fechas asociadas al nombre | 1966- |
| 9 (RLIN) | 234259 |
| 830 1# - PUNTO DE ACCESO ADICIONAL DE SERIE-TÍTULO UNIFORME | |
| Título uniforme | Beatus ille |
| 9 (RLIN) | 193505 |
| 852 4# - LOCALIZACIÓN | |
| Ubicación | ES-MaACL |
| Número de control de estantería | A-14866 |
| itemnumber | 197782 |
| Sublocalización o colección | R.153135 |
| Ubicación en estantería | Depósito 1 |
| Signatura antigua | Olim: N-7866 |
| Anotaciones manuscritas | Dedicatoria autógrafa |
| Donativo/Legado | Donación: Ilian Galán |
| 903 ## - NOMBRE PERSONAL DE DONANTE | |
| 9 | 234259 |
| a | Galán, Ilia, |
| d | 1966- |
| e | Donante |
| 942 ## - ELEMENTOS DE ENTRADA SECUNDARIOS (KOHA) | |
| Fuente del sistema de clasificación o colocación | Clasificación decimal universal |
| Tipo de ítem Koha | Libro impreso |
| Estatus retirado | Estado de pérdida | Fuente del sistema de clasificación o colocación | Estado de daño | No para préstamo | Colección | Biblioteca de origen | Biblioteca actual | Ubicación en estantería | Fecha de adquisición | Fuente de adquisición | Total de préstamos | Signatura topográfica completa | Código de barras | Visto por última vez | Precio de reemplazo | Tipo de ítem Koha | Nota pública |
|---|---|---|---|---|---|---|---|---|---|---|---|---|---|---|---|---|---|
| Clasificación decimal universal | Libros con dedicatorias | Biblioteca del Ateneo de Madrid | Biblioteca del Ateneo de Madrid | Depósito 1 | 12/01/2022 | Donación | A-14866 | 1202821 | 23/02/2023 | 23/02/2023 | Libro impreso | Dedicatoria autógrafa |
